| 000 | 00757nam a2200229Ia 4500 | ||
|---|---|---|---|
| 003 | GCL | ||
| 008 | 140319s9999 xx 000 0 ara d | ||
| 040 |
_aGCL / _cGCL |
||
| 082 | 0 | 4 |
_a658.4 _bأ س |
| 100 | 1 | _aاحمد ماهر | |
| 245 | 1 | 0 |
_aالسلوك التنظيمى : مدخل بناء المهارات / _cاحمد ماهر |
| 250 | _aالخامسة | ||
| 260 |
_aالقاهرة : _bمركز التنمية الادارية ، _c1995 |
||
| 300 |
_a399ص ؛ _c24سم |
||
| 650 | 0 | 4 | _aادارة الاعمال |
| 650 | 0 | 4 | _aادارة الاعلانات |
| 650 | 0 | 4 | _aالتنظيم |
| 650 | 0 | 4 | _aعلم النفس الصناعى |
| 650 | 0 | 4 | _aالسلوك الادارى |
| 650 | 0 | 4 | _aالعلاقات الوظيفية |
| 942 |
_2ddc _cBK |
||
| 999 |
_c42868 _d42868 |
||